000
00320cam a2200145ua 4500
001
3134
008
131130n II |||gr||||Z||||||asm
040
_a
MAIN
041
_a
English
082
_a
640 GRI
100
_a
CO-ORDINATION COMMITTEE.
245
_a
GIRHA BIGYAN
653
_a
Home & family management
942
_c
BK
999
_c
3122
_d
3122